000 00461nam a2200205Ia 4500
001 13442
003 GE_BSU
008 181216s||||||||xx |||||||||||||| ||und||
020 _a0552545929
040 _cGE_BSU
080 _a821.111-3
100 _aStewart,Paul & Riddell,Chris.
245 4 _aThe edce chronicles.
260 _aLondon.
260 _bCorgi Books.
260 _c1998
300 _a285p;19cm.
653 _aThe edce chronicles.
942 _cBK
999 _c46602
_d46602